Mapa Argentina [material cartográfico] : mapa físico político /

Guardado en:
Autor Principal: De Paola, Norma S.
Autor Corporativo: Argentina. Instituto Geográfico Militar.
Formato: Mapa
Publicado: Buenos Aires : Mc, s/f.
Materias:
Etiquetas: Agregar Etiqueta
Sin Etiquetas, Sea el primero en etiquetar este registro!
LEADER 01109nem a22002175a 4500
001 CEM.cems018632
008 130507b2018##############a#####1#######d
005 20230823120819.0
245 1 0 |a Mapa Argentina [material cartográfico] :  |b mapa físico político /  |c Realizado por Norma S. de Paola. 
255 |a e. 1: 3.450.000 
260 |a Buenos Aires :  |b Mc, s/f. 
300 |a 1 mapa : col. 
500 |a La presente publicación se ajusta a la cartografía establecida por el Poder Ejecutivo Nacional a través del Igm Ley 22.963 y fue aprobada por Expediente Nº Gg9 2649/5. 
505 0 |a Regiones agrícolas, porcentaje de superficie explotada -- Temperaturas y precipitaciones en distintas localidades de la República Argentina -- Regiones climáticas -- Regiones biogeográficas -- Mayores elevaciones de la República Argentina. 
100 1 |a De Paola, Norma S. 
110 2 |a Argentina. Instituto Geográfico Militar. 
082 0 4 |a 912.82 
653 |a 1Argentina-mapas 
653 |a Argentina-mapa físico político 
653 |a Mapas 
859 |a CEMS  |b BIB. CEMS - Agricultura  |h 912.82  |i Ar37-1  |p A3110.18  |t Ej.1  |3 MAPA